[Event "North Urals 2007"]
[Site "0:04.49-0:00.40"]
[Date "2007.07.22"]
[Round "1"]
[White "Ushenina, Anna"]
[Black "Gallyamova, Alisa"]
[Result "1-0"]
[WhiteTitle "GM"]
[WhiteElo "2502"]
[WhiteCountry "UKR"]
[BlackTitle "GM"]
[BlackElo "2468"]
[BlackCountry "RUS"]
[Remark "North Urals 2007"]
[PresId "1001010012"]

1. d4 d5 2. c4 c6 3. Nf3 Nf6 4. Nc3 e6 5. e3 Nbd7 6. Qc2 b6 7. Bd3 Bb7
8. O-O Be7 9. b3 Qc7 10. Bb2 Rd8 11. Rac1 dxc4 12. bxc4 c5 13. d5 exd5
14. cxd5 Nxd5 15. Nxd5 Bxd5 16. Be4 Nf6 17. Bxf6 gxf6 18. Nh4 Bxe4 19.
Qxe4 Qe5 20. Qa4+ Kf8 21. Qxa7 Rg8 22. g3 b5 23. Rfd1 Rxd1+ 24. Rxd1
f5 25. Rd7 Rg4 26. Qa8+ Kg7 27. Rxe7 Qf6 28. Re8 Kh6 29. Qd5 Qxh4 30.
Qxf7 Qh5 31. Qf8+ 1-0
*

[Event "North Urals 2007"]
[Site "0:01.05-0:02.38"]
[Date "2007.07.22"]
[Round "1"]
[White "Pogonina, Natalya"]
[Black "Zhao Xu"]
[Result "0-1"]
[WhiteTitle "GM"]
[WhiteElo "2429"]
[WhiteCountry "RUS"]
[BlackTitle "GM"]
[BlackElo "2500"]
[BlackCountry "CHN"]
[Remark "North Urals 2007"]
[PresId "1001010015"]

1. e4 Nf6 2. e5 Nd5 3. d4 d6 4. Nf3 dxe5 5. Nxe5 c6 6. Be2 Bf5 7. O-O
Nd7 8. Bg4 Bxg4 9. Nxg4 e6 10. c4 N5f6 11. Nc3 Nxg4 12. Qxg4 Nf6 13.
Qh4 Be7 14. Rd1 Qa5 15. Qg3 Rd8 16. Bf4 Qf5 17. Bc7 Rd7 18. Bb8 O-O
19. Bxa7 b5 20. Bb6 bxc4 21. a4 Bd6 22. Qf3 Qxf3 23. gxf3 Nd5 24. Bc5
Bxc5 25. dxc5 Rb7 26. Rd2 Ra8 27. a5 Rba7 28. Ra4 Rxa5 29. Rxc4 Ra1+
30. Kg2 Ne7 31. Rcd4 Nd5 32. Nxd5 exd5 33. Rb4 Rc1 34. Rb6 Rxc5 35. b4
Rc4 36. b5 cxb5 37. Rxd5 g6 38. Rdxb5 Kg7 39. Rb7 Ra6 40. Rb4 Rc5 41.
R4b5 Rcc6 42. Rb4 Rf6 43. Kg3 Rac6 44. Rf4 Rxf4 45. Kxf4 Rc1 46. h4
Rg1 47. Rb4 Rg2 48. Ke3 Rh2 49. Rf4 Rh1 50. Ra4 Kh6 51. Rb4 f5 52. Ra4
Kh5 53. Ra7 h6 54. Kf4 Kxh4 55. Rg7 Rg1 56. Ke5 Kh3 57. f4 h5 58. Kf6
h4 59. Rh7 Rg4 60. f3 Rg3 61. Rh6 Rxf3 62. Kxg6 Kg4 63. Rh5 Rxf4 64.
Rg5+ Kf3 65. Rh5 Kg3 66. Kg5 Rb4 67. Kf6 h3 68. Rg5+ Rg4 69. Rxf5 Rf4
0-1
*

[Event "North Urals 2007"]
[Site "0:00.15-0:01.18"]
[Date "2007.07.22"]
[Round "1"]
[White "Hou Yifan"]
[Black "Muzychuk, Anna"]
[Result "0-1"]
[WhiteTitle "GM"]
[WhiteElo "2523"]
[WhiteCountry "CHN"]
[BlackTitle "GM"]
[BlackElo "2456"]
[BlackCountry "SLO"]
[Remark "North Urals 2007"]
[PresId "1001010016"]

1. e4 c5 2. Nf3 e6 3. d4 cxd4 4. Nxd4 a6 5. Nc3 b5 6. Bd3 Bb7 7. O-O
d6 8. Re1 Be7 9. a4 b4 10. Na2 Nf6 11. Bd2 a5 12. Bb5+ Nbd7 13. Nc6
Bxc6 14. Bxc6 Rc8 15. Bb5 O-O 16. c3 bxc3 17. Bxc3 Nc5 18. Qf3 Qb6 19.
Rad1 Rfd8 20. Qg3 h6 21. Nc1 Nh5 22. Qf3 Nf6 23. Nd3 Nxd3 24. Rxd3 d5
25. Bd4 Qc7 26. exd5 Rxd5 27. Rc3 Qd8 28. Rxc8 Qxc8 29. Qc3 Qd8 30.
Bxf6 Bxf6 31. Qc1 Rd2 32. b3 Bb2 33. Qc6 Bd4 34. Rf1 Qf6 35. Qa8+ Kh7
36. Qe4+ g6 37. Be2 Rb2 38. Bf3 Rxb3 39. Rd1 Rb4 40. Qc6 Rb2 41. Kh1
Rxf2 42. Qe4 Be5 43. Kg1 Rb2 44. Rf1 Rb4 45. Qe2 Qf4 46. g3 Qd4+ 47.
Kh1 Rb2 48. Qe1 Ra2 49. Bg2 Kg7 50. Qxa5 Rxa4 51. Qb5 Ra1 52. Rxa1
Qxa1+ 53. Bf1 h5 54. Kg2 Qa8+ 55. Kh3 Qe4 56. Bd3 Qe3 57. Be2 Bd4 58.
Qd3 Qe5 59. Bf3 Be3 60. Kg2 Bg5 61. Qe2 Qc5 62. Qe4 Bf6 63. Be2 Qb6
64. Bf3 Qd8 65. Be2 Qd2 66. Qd3 Qe1 67. Qd1 Qb4 68. Qd3 Bd4 69. Qc4
Qb2 70. Kh3 Qa1 71. Qd3 Qg1 72. Qe4 e5 73. Qb7 Qe3 74. Bc4 Qf2 75. Qe7
Qf5+ 0-1
*

[Event "North Urals 2007"]
[Site "0:01.36-0:02.06"]
[Date "2007.07.23"]
[Round "2"]
[White "Gallyamova, Alisa"]
[Black "Muzychuk, Anna"]
[Result "1-0"]
[WhiteTitle "GM"]
[WhiteElo "2468"]
[WhiteCountry "RUS"]
[BlackTitle "GM"]
[BlackElo "2456"]
[BlackCountry "SLO"]
[Remark "North Urals 2007"]
[PresId "1001020013"]

1. d4 f5 2. Nf3 Nf6 3. g3 g6 4. Bg2 Bg7 5. O-O O-O 6. b3 d6 7. Bb2 e6
8. c4 Qe7 9. Qc2 Ne4 10. Ne1 Nc6 11. Bxe4 fxe4 12. Qxe4 e5 13. d5 Bf5
14. Qe3 e4 15. Bxg7 Qxg7 16. Nc3 Ne5 17. Ng2 Rae8 18. Qc1 g5 19. Ne3
Bh3 20. Re1 Qg6 21. Qc2 Ng4 22. Nxg4 Bxg4 23. f3 Bd7 24. Nxe4 Bf5 25.
Rf1 Re5 26. Qc3 Bxe4 27. fxe4 Qxe4 28. Rxf8+ Kxf8 29. Rf1+ Kg7 30. Qf3
Qxf3 31. exf3 Re2 32. Rf2 Re1+ 33. Kg2 h5 34. Rc2 Kf6 35. Kf2 Rh1 36.
Ke3 Re1+ 37. Re2 Rf1 38. Rf2 Re1+ 39. Kd3 Rd1+ 40. Kc3 Rc1+ 41. Kb4
Re1 42. Kc3 Rc1+ 43. Kd3 Rd1+ 44. Ke3 Re1+ 45. Re2 Rf1 46. Ke4 Rd1 47.
f4 g4 48. Ke3 Rf1 49. Kd4 Kf7 50. Kc3 Rf3+ 51. Kb4 h4 52. gxh4 Rxf4
53. a4 Kg6 54. a5 a6 55. Re7 Rf2 56. h5+ Kh6 57. Rxc7 Rxh2 58. Rd7
Rxh5 59. Rxd6+ Kg7 60. Re6 g3 61. Re2 Rg5 62. Rg2 Kf6 63. Kc5 Ke5 64.
Kb6 Rg7 65. b4 Kd4 66. b5 axb5 67. Kxb5 Rg6 68. d6 Rxd6 69. Rxg3 Rd7
70. Rg5 Rc7 71. Rd5+ Ke4 72. Rc5 Rh7 73. Kb6 Kd4 74. Rc7 Rh1 75. Kxb7
Rb1+ 76. Ka7 Ke5 77. c5 Ke6 78. a6 Rb5 79. c6 Kd6 80. Rc8 Rb1 81. Rb8
Ra1 82. Kb7 Rb1+ 83. Kc8 Ra1 84. c7 Kc6 85. Rb2 Rh1 86. Kb8 Kd5 1-0
*

[Event "North Urals 2007"]
[Site "0:02.55-0:02.10"]
[Date "2007.07.23"]
[Round "2"]
[White "Zhao Xu"]
[Black "Hou Yifan"]
[Result "1/2-1/2"]
[WhiteTitle "GM"]
[WhiteElo "2500"]
[WhiteCountry "CHN"]
[BlackTitle "GM"]
[BlackElo "2523"]
[BlackCountry "CHN"]
[Remark "North Urals 2007"]
[PresId "1001020014"]

1. d4 Nf6 2. c4 e6 3. Nf3 b6 4. g3 Ba6 5. b3 b5 6. cxb5 Bxb5 7. Bg2 d5
8. Nc3 Ba6 9. b4 Bd6 10. O-O O-O 11. Rb1 Nbd7 12. Qc2 Qe7 13. a3 Nb6
14. Re1 Bb7 15. Ne5 Bxe5 16. dxe5 Nfd7 17. e4 d4 18. Nb5 Nxe5 19. Bb2
Nec4 20. Nxd4 Rfd8 21. Nb3 Nxb2 22. Qxb2 Ba6 23. Rbc1 Bb5 24. Nd4 a6
25. e5 Nd5 26. Rc5 Rab8 27. Rec1 h6 28. h4 Be8 29. Qd2 Kh8 30. Rd1 Ba4
31. Rdc1 Be8 32. f4 a5 33. b5 Nb6 34. Qe3 Rdc8 35. Bf1 Nd5 36. Qe4 Rd8
37. Nf3 f5 38. exf6 Nxf6 39. Qe1 Qd6 40. R5c3 Bxb5 41. Bh3 Qb6+ 42.
Kh2 Be8 43. Rxc7 Qb2+ 44. R1c2 Qxa3 45. Ne5 Rb2 46. Bxe6 Rxc2+ 47.
Rxc2 Qb4 48. Qxb4 axb4 49. Rb2 Rd6 50. Bc4 Rb6 51. g4 g5 52. hxg5 hxg5
53. Kg3 gxf4+ 54. Kxf4 Kg7 55. g5 Nd7 56. Nd3 Bf7 57. Bxf7 Kxf7 58.
Nxb4 Kg6 59. Nd3 1/2-1/2
*

[Event "North Urals 2007"]
[Site "0:20.35-0:02.32"]
[Date "2007.07.23"]
[Round "2"]
[White "Paehtz, Elizabeth"]
[Black "Lahno, Ekaterina"]
[Result "0-1"]
[WhiteTitle "GM"]
[WhiteElo "2457"]
[WhiteCountry "GER"]
[BlackTitle "GM"]
[BlackElo "2450"]
[BlackCountry "UKR"]
[Remark "North Urals 2007"]
[PresId "1001020015"]

1. e4 c5 2. Nf3 e6 3. d4 cxd4 4. Nxd4 Nc6 5. Nc3 d6 6. g4 Nge7 7. Be3
a6 8. Bg2 Nxd4 9. Qxd4 e5 10. Qd1 Be6 11. Nd5 Bxd5 12. exd5 Ng6 13. c4
Be7 14. Qa4+ Kf8 15. Qb4 Qd7 16. Be4 a5 17. Qb3 Qxg4 18. Qxb7 Rd8 19.
f3 Qh4+ 20. Ke2 Nf4+ 21. Kd2 g6 22. Bb6 Kg7 23. Bxd8 Qf2+ 24. Kc3 Bxd8
25. Rad1 a4 26. Qa6 f5 27. Bxf5 gxf5 28. Qxd6 Ba5+ 29. b4 Ne2+ 30. Kb2
Bd8 31. Qc5 Nd4+ 32. Ka3 Bf6 33. Qc7+ Kh6 34. Rxd4 Qxd4 35. Qc6 e4 36.
Kxa4 exf3 37. Qc5 Ra8+ 38. Kb5 Rb8+ 39. Ka6 Qc3 40. b5 Rg8 41. d6 Bd4
42. Qxf5 Qa3+ 43. Kb7 Qa7+ 44. Kc6 Qb6+ 45. Kd5 Qc5+ 46. Ke4 Re8+ 47.
Kf4 Be3+ 0-1
*

[Event "North Urals 2007"]
[Site "0:01.19-0:20.24"]
[Date "2007.07.24"]
[Round "3"]
[White "Pogonina, Natalya"]
[Black "Paehtz, Elizabeth"]
[Result "1-0"]
[WhiteTitle "GM"]
[WhiteElo "2429"]
[WhiteCountry "RUS"]
[BlackTitle "GM"]
[BlackElo "2457"]
[BlackCountry "GER"]
[Remark "North Urals 2007"]
[PresId "1001030014"]

1. e4 e5 2. Nf3 Nc6 3. Bb5 a6 4. Ba4 g6 5. O-O Bg7 6. c3 d6 7. d4 Bd7
8. d5 Nb8 9. c4 Nf6 10. Nc3 O-O 11. Bc2 a5 12. h3 Na6 13. a3 Nh5 14.
Be3 Qe8 15. Ba4 h6 16. Bxd7 Qxd7 17. Rb1 Nf4 18. Qd2 f5 19. Bxf4 exf4
20. exf5 Qxf5 21. Nb5 g5 22. Nbd4 Qg6 23. Ne6 Rf7 24. Qxa5 g4 25. hxg4
Qxg4 26. Qe1 Kh8 27. Qd1 Rg8 28. Nfg5 Qf5 29. Nxf7+ Qxf7 30. Qf3 Nc5
31. Qxf4 Qg6 32. Nxg7 Rxg7 33. Qg3 Qf6 34. Qe3 Qg6 35. g3 Nd3 36. Rbd1
Ne5 37. Kg2 Nxc4 38. Qd3 Qg4 39. Qd4 b5 40. Rfe1 Qg5 41. Re8+ Kh7 42.
Qe4+ Qg6 43. Qxg6+ Kxg6 44. Re2 Kf5 45. Rd4 1-0
*

[Event "North Urals 2007"]
[Site "0:02.17-0:00.36"]
[Date "2007.07.24"]
[Round "3"]
[White "Muzychuk, Anna"]
[Black "Zhao Xu"]
[Result "1/2-1/2"]
[WhiteTitle "GM"]
[WhiteElo "2456"]
[WhiteCountry "SLO"]
[BlackTitle "GM"]
[BlackElo "2500"]
[BlackCountry "CHN"]
[Remark "North Urals 2007"]
[PresId "1001030016"]

1. e4 Nf6 2. e5 Nd5 3. d4 d6 4. Nf3 dxe5 5. Nxe5 c6 6. Bd3 Nd7 7. Nxd7
Bxd7 8. O-O g6 9. Re1 Bg7 10. c3 O-O 11. Bg5 Re8 12. Nd2 Qc7 13. Nc4
c5 14. Qf3 Be6 15. Ne5 cxd4 16. cxd4 Qb6 17. Rad1 Rad8 18. h4 Nb4 19.
Bb1 Bd5 20. Qg4 Be6 21. Qf3 Rxd4 22. Rxd4 Qxd4 23. Qxb7 Bxe5 24. Qb5
Rd8 25. Rxe5 Nc6 26. Re1 Bd5 27. Qe2 f6 28. Rd1 Qc5 29. Be3 Qb4 30. h5
Kg7 31. a3 Qh4 32. h6+ Kf8 33. b4 a6 34. Bb6 Rd6 35. Ba2 Re6 36. Be3
Nd4 37. Qd3 Bxa2 38. Qxd4 Qxd4 39. Rxd4 1/2-1/2
*

[Event "North Urals 2007"]
[Site "0:01.51-0:18.03"]
[Date "2007.07.25"]
[Round "4"]
[White "Ushenina, Anna"]
[Black "Pogonina, Natalya"]
[Result "1/2-1/2"]
[WhiteTitle "GM"]
[WhiteElo "2457"]
[WhiteCountry "UKR"]
[BlackTitle "GM"]
[BlackElo "2523"]
[BlackCountry "RUS"]
[Remark "North Urals 2007"]
[PresId "1001040013"]

1. d4 Nf6 2. Nf3 c5 3. d5 e6 4. Nc3 exd5 5. Nxd5 Nxd5 6. Qxd5 Be7 7.
e4 O-O 8. Bc4 d6 9. O-O Nd7 10. Qd3 Nb6 11. Bb3 Qc7 12. Nd2 Be6 13.
Nc4 Bxc4 14. Bxc4 Bf6 15. c3 Rfe8 16. Bf4 Be5 17. Bg3 Bxg3 18. hxg3
Nxc4 19. Qxc4 Qc6 20. f3 Re5 21. Rad1 Rae8 22. Rf2 h5 23. Rfd2 R8e6
24. Rd5 Qb6 25. b3 Rxd5 26. Rxd5 Re5 27. Rd2 Qc6 28. a4 g6 29. Kf2 Re6
30. Rd5 Re5 31. Rd2 Re6 32. Rd5 Re5 33. Ke3 1/2-1/2
*

[Event "North Urals 2007"]
[Site "0:04.53-0:00.57"]
[Date "2007.07.25"]
[Round "4"]
[White "Paehtz, Elizabeth"]
[Black "Hou Yifan"]
[Result "1-0"]
[WhiteTitle "GM"]
[WhiteElo "2429"]
[WhiteCountry "GER"]
[BlackTitle "GM"]
[BlackElo "2457"]
[BlackCountry "CHN"]
[Remark "North Urals 2007"]
[PresId "1001040014"]

1. e4 e6 2. d4 d5 3. Nc3 Nf6 4. Bg5 Be7 5. e5 Nfd7 6. h4 Nc6 7. Rh3 h6
8. Bxe7 Qxe7 9. Qd2 Nb6 10. Rg3 Rg8 11. Nf3 a6 12. Nd1 Qf8 13. a4 a5
14. Nc3 Bd7 15. Nb5 O-O-O 16. b3 f6 17. O-O-O fxe5 18. dxe5 Kb8 19.
Kb1 Nb4 20. Rg4 Be8 21. Bd3 Qe7 22. Bg6 Bxg6 23. Rxg6 c5 24. Qf4 Nd7
25. Qg4 Nf8 26. Rxh6 Qf7 27. Rh5 g6 28. Rg5 Nh7 29. Nd6 Qg7 30. Qxe6
Nxg5 31. Nxg5 Qc7 32. c3 Nc6 33. Qxd5 Ne7 34. Qc4 Qc6 35. Ne6 Rd7 36.
Nxc5 Rc7 37. Ne6 Qxc4 38. Nxc4 Rc6 39. Rd6 Re8 40. Nxa5 Rxc3 41. Kb2
Rcc8 42. Rb6 Nd5 43. Rxb7+ Ka8 44. Rb5 Nc3 45. Rc5 Nd1+ 46. Kc2 Rxc5+
47. Nxc5 Rxe5 48. Kxd1 Rxc5 49. Nc4 Kb7 50. Ke2 Kc6 51. f4 Kd5 52. Kf3
Rc7 53. Kg4 Rb7 54. Ne5 Rxb3 55. Nxg6 Ke6 56. Ne5 Ra3 57. h5 Kf6 58.
Nd7+ Kg7 59. Nb6 Kh6 60. Kh4 Rb3 61. a5 Rb5 62. g4 Rxa5 63. g5+ Kh7
64. Kg4 Ra1 65. Nd5 Rh1 66. Nf6+ Kh8 67. Nd7 Rd1 68. Ne5 Kh7 69. Kf5
Ra1 70. Nf7 Ra5+ 71. Ke6 Kg7 72. h6+ Kg6 73. Ne5+ Kh7 74. f5 Ra6+ 75.
Ke7 Ra5 76. Kd6 Ra6+ 77. Nc6 Ra8 78. Ne7 Ra1 79. Ke6 Re1+ 80. Kf7 Rg1
81. g6+ Kxh6 82. f6 Rg2 83. g7 1-0
*

[Event "North Urals 2007"]
[Site "0:01.49-0:03.37"]
[Date "2007.07.25"]
[Round "4"]
[White "Gallyamova, Alisa"]
[Black "Zhao Xu"]
[Result "1/2-1/2"]
[WhiteTitle "GM"]
[WhiteElo "2468"]
[WhiteCountry "RUS"]
[BlackTitle "GM"]
[BlackElo "2502"]
[BlackCountry "CHN"]
[Remark "North Urals 2007"]
[PresId "1001040015"]

1. d4 d5 2. c4 dxc4 3. Nf3 a6 4. e3 Nf6 5. Bxc4 e6 6. O-O c5 7. b3 Nc6
8. Bb2 Qc7 9. dxc5 Bxc5 10. Nbd2 O-O 11. Rc1 Qe7 12. Bd3 Ba3 13. Bxa3
Qxa3 14. Nc4 Qe7 15. e4 e5 16. Nb6 Ra7 17. h3 Be6 18. Qe2 Qd8 19. Nc4
Nd4 20. Nxd4 Qxd4 21. Rfd1 Raa8 22. Nd2 Qd6 23. Nf3 Rac8 24. Bc4 Bxc4
25. Rxc4 Qb8 26. Rdc1 Rxc4 27. Qxc4 h6 28. Qc7 Nxe4 29. Qxb8 Rxb8 30.
Nxe5 Re8 31. Nd7 Nd6 32. Kf1 Re7 33. Nb6 f6 34. Rd1 Nf7 35. Nd5 Re5
36. f4 Re4 37. Kf2 Kf8 38. Kf3 Re6 39. Rc1 Rd6 40. Ne3 Nd8 41. Rc7 Rd4
42. g3 g6 43. h4 h5 44. f5 g5 45. hxg5 fxg5 46. Rh7 h4 47. gxh4 gxh4
48. Ng2 Nf7 49. Ke3 Rg4 50. Nxh4 Kg8 51. Rh5 Kg7 52. Nf3 Kf6 53. Rh7
Rg3 54. Rh1 Ng5 55. Rf1 Kxf5 56. Ke2 Ne4 57. Nd2+ Ke5 58. Nxe4 Kxe4
59. Rf2 Kd4 60. Kd2 Ke5 1/2-1/2
*

[Event "North Urals 2007"]
[Site "0:01.44-0:22.53"]
[Date "2007.07.26"]
[Round "5"]
[White "Muzychuk, Anna"]
[Black "Paehtz, Elizabeth"]
[Result "0-1"]
[WhiteTitle "GM"]
[WhiteElo "2456"]
[WhiteCountry "SLO"]
[BlackTitle "GM"]
[BlackElo "2457"]
[BlackCountry "GER"]
[Remark "North Urals 2007"]
[PresId "1001050014"]

1. e4 e6 2. d4 d5 3. Nc3 Nf6 4. Bg5 Bb4 5. e5 h6 6. Bd2 Bxc3 7. bxc3
Ne4 8. Qg4 Kf8 9. Bd3 Nxd2 10. Kxd2 c5 11. h4 Nc6 12. Rh3 c4 13. Bf1
b5 14. a3 Bd7 15. Ne2 a5 16. Nf4 Ne7 17. Nh5 Rg8 18. Qf4 b4 19. axb4
axb4 20. Rxa8 bxc3+ 21. Rxc3 Qxa8 22. g4 Qa5 23. g5 hxg5 24. hxg5 Rh8
25. Be2 Nf5 26. Bg4 g6 27. Bxf5 gxf5 28. Qf3 Qa7 29. Ke3 Qa1 30. Kd2
Ke7 31. Qh3 Qa7 32. Ke2 Qxd4 33. Rg3 c3 34. Rg1 Bb5+ 35. Kf3 Qe4+ 36.
Kg3 Be2 0-1
*

[Event "North Urals 2007"]
[Site "0:13.06-0:12.33"]
[Date "2007.07.26"]
[Round "5"]
[White "Lahno, Ekaterina"]
[Black "Gallyamova, Alisa"]
[Result "0-1"]
[WhiteTitle "GM"]
[WhiteElo "2450"]
[WhiteCountry "UKR"]
[BlackTitle "GM"]
[BlackElo "2468"]
[BlackCountry "RUS"]
[Remark "North Urals 2007"]
[PresId "1001050015"]

1. e4 c5 2. Nf3 d6 3. d4 cxd4 4. Nxd4 Nf6 5. Nc3 Nc6 6. Bg5 Bd7 7. Qd2
Rc8 8. f4 Nxd4 9. Qxd4 Qa5 10. e5 dxe5 11. fxe5 e6 12. O-O-O Bc6 13.
Nb5 Bxb5 14. exf6 Bc6 15. h4 g6 16. Bc4 Bc5 17. Qe5 Bb6 18. Qd6 Bc5
19. Qg3 O-O 20. Bd2 Qa4 21. Bb3 Qe4 22. h5 Qxg2 23. Qf4 g5 24. Qe5 Bf3
25. Rde1 h6 26. Bxe6 Rfe8 27. Bxf7+ Kxf7 28. Qf5 Be4 29. Qd7+ Be7 30.
Rhf1 Rxc2+ 31. Kd1 Rxd2+ 0-1
*

[Event "North Urals 2007"]
[Site "0:03.25-0:00.18"]
[Date "2007.07.26"]
[Round "5"]
[White "Hou Yifan"]
[Black "Ushenina, Anna"]
[Result "1-0"]
[WhiteTitle "GM"]
[WhiteElo "2523"]
[WhiteCountry "CHN"]
[BlackTitle "GM"]
[BlackElo "2502"]
[BlackCountry "UKR"]
[Remark "North Urals 2007"]
[PresId "1001050016"]

1. e4 c5 2. Nc3 Nc6 3. Bb5 Nd4 4. Bc4 e6 5. Nf3 Nf6 6. O-O a6 7. d3 b5
8. Bb3 Nxb3 9. axb3 Bb7 10. e5 Nd5 11. Ne4 Be7 12. Bg5 f6 13. exf6
Nxf6 14. Bxf6 gxf6 15. Re1 O-O 16. d4 cxd4 17. Nxd4 Kh8 18. Ng3 Rg8
19. f3 Qc7 20. Kh1 Rg6 21. Qd2 Rag8 22. Nde2 Bf8 23. Rad1 Bc6 24. Qf4
Qb7 25. Rf1 e5 26. Qf5 d5 27. c3 b4 28. Qe6 bxc3 29. bxc3 a5 30. Nc1
R8g7 31. Nh5 Re7 32. Qf5 Bd7 33. Qd3 Bb5 34. c4 Bc6 35. Ne2 d4 36.
Neg3 Re8 37. Ne4 Be7 38. Nhg3 Reg8 39. Rf2 Qd7 40. Nd2 Bb4 41. Ndf1
Qc8 42. Nf5 Bd7 43. N1g3 Qf8 44. f4 Bc6 45. fxe5 fxe5 46. Rdf1 Qa8 47.
Qe2 Re8 48. Nh4 Rg5 49. Rf5 Rxf5 50. Rxf5 e4 51. Qh5 Re6 52. Rf7 Qg8
53. Qf5 Be8 54. Qxe6 Bxf7 55. Qxe4 Bc3 56. Nhf5 Qe8 57. Ne7 d3 58.
Qxd3 Bf6 59. Ngf5 Be6 60. Qd6 Bxe7 61. Qe5+ 1-0
*

[Event "North Urals 2007"]
[Site "0:01.44-0:02.07"]
[Date "2007.07.28"]
[Round "6"]
[White "Ushenina, Anna"]
[Black "Muzychuk, Anna"]
[Result "1/2-1/2"]
[WhiteTitle "GM"]
[WhiteElo "2481"]
[WhiteCountry "BUL"]
[BlackTitle "GM"]
[BlackElo "2523"]
[BlackCountry "CHN"]
[Remark "North Urals 2007"]
[PresId "1001060014"]

1. Nf3 f5 2. g3 Nf6 3. Bg2 g6 4. O-O Bg7 5. c4 d6 6. Nc3 e5 7. d3 Nc6
8. Rb1 O-O 9. b4 h6 10. b5 Ne7 11. Ne1 g5 12. Nc2 c6 13. bxc6 bxc6 14.
Ba3 Rf7 15. Rb3 Be6 16. Qb1 Rc8 17. Rb7 Ng6 18. Rd1 d5 19. d4 e4 20.
Na4 Rcc7 21. Rxc7 Qxc7 22. Nc5 Bc8 23. cxd5 cxd5 24. Qb3 f4 25. e3 Bf8
26. Rb1 Bd6 27. Nb4 fxg3 28. fxg3 Bxg3 29. hxg3 Qxg3 30. Nxd5 Ng4 31.
Nf6+ Nxf6 32. Qb8 Qxe3+ 33. Kh1 Rf8 34. Nxe4 Nxe4 35. Bxf8 Nf2+ 36.
Kh2 Ng4+ 37. Kh1 Nf2+ 1/2-1/2
*

[Event "North Urals 2007"]
[Site "0:01.06-0:21.24"]
[Date "2007.07.28"]
[Round "6"]
[White "Stefanova, Antoaneta"]
[Black "Hou Yifan"]
[Result "0-1"]
[WhiteTitle "GM"]
[WhiteElo "2502"]
[WhiteCountry "UKR"]
[BlackTitle "GM"]
[BlackElo "2456"]
[BlackCountry "SLO"]
[Remark "North Urals 2007"]
[PresId "1001060015"]

1. d4 e6 2. c4 Nf6 3. Nc3 Bb4 4. e3 O-O 5. Ne2 d5 6. cxd5 exd5 7. g3
Re8 8. Bg2 a5 9. O-O Bf8 10. Kh1 Na6 11. f3 c5 12. a3 Bd7 13. g4 h6
14. h3 cxd4 15. Nxd4 Nc5 16. b3 Rc8 17. Ra2 Qb6 18. Nce2 Bd6 19. Rg1
Bb8 20. Bf1 Ne6 21. Bb2 Nc5 22. Bc1 a4 23. b4 Nb3 24. Nxb3 axb3 25.
Qxb3 d4 26. Rc2 Qd6 27. Ng3 Rxc2 28. Qxc2 dxe3 29. Be2 Bc6 30. b5 Bd5
31. Bb2 Ne4 32. Nf1 Nd2 33. Qc3 f6 34. Ng3 Nxf3 35. Bxf3 Bxf3+ 36. Kh2
Qd2+ 0-1
*

[Event "North Urals 2007"]
[Site "0:02.52-0:01.20"]
[Date "2007.07.28"]
[Round "6"]
[White "Paehtz, Elizabeth"]
[Black "Zhao Xu"]
[Result "1/2-1/2"]
[WhiteTitle "GM"]
[WhiteElo "2457"]
[WhiteCountry "GER"]
[BlackTitle "GM"]
[BlackElo "2500"]
[BlackCountry "CHN"]
[Remark "North Urals 2007"]
[PresId "1001060016"]

1. e4 c5 2. c3 Nf6 3. e5 Nd5 4. Nf3 Nc6 5. d4 cxd4 6. cxd4 d6 7. Bc4
Nb6 8. Bb5 d5 9. Nc3 Bg4 10. h3 Bxf3 11. Qxf3 e6 12. Qd1 a6 13. Be2
Be7 14. O-O O-O 15. Bd3 f6 16. exf6 Bxf6 17. Be3 Rf7 18. Qg4 Qd6 19.
Rad1 Raf8 20. a3 Nd7 21. Bf4 e5 22. Bg3 Nb6 23. Bf5 Re8 24. Rfe1 g6
25. dxe5 Bxe5 26. Bb1 Rfe7 27. Rf1 Bxg3 28. fxg3 Re5 29. Kh2 Qe6 30.
Qf4 Nc4 31. Nxd5 Rxd5 32. Qxc4 Rxd1 33. Qxe6+ Rxe6 34. Rxd1 Re2 35. b3
Kf8 36. Bd3 Re3 37. Bc4 Ke7 38. g4 h6 39. g5 hxg5 40. Rd3 Rxd3 41.
Bxd3 Ne5 42. Be4 b6 43. Kg3 a5 44. Kf2 Kf6 45. Ke3 Ke6 46. Kd4 1/2-1/2
*

[Event "North Urals 2007"]
[Site "0:05.14-0:01.04"]
[Date "2007.07.29"]
[Round "7"]
[White "Zhao Xu"]
[Black "Ushenina, Anna"]
[Result "1-0"]
[WhiteTitle "GM"]
[WhiteElo "2501"]
[WhiteCountry "CHN"]
[BlackTitle "GM"]
[BlackElo "2502"]
[BlackCountry "UKR"]
[Remark "North Urals 2007"]
[PresId "1001070014"]

1. d4 d5 2. c4 dxc4 3. e4 Nf6 4. e5 Nd5 5. Bxc4 Nb6 6. Bd3 Nc6 7. Ne2
Bg4 8. f3 Be6 9. Nbc3 Bc4 10. Bxc4 Nxc4 11. e6 fxe6 12. O-O Nb6 13.
Ne4 Qd5 14. Be3 O-O-O 15. Nf4 Qf5 16. g4 Qf7 17. Qb3 Rd5 18. Nxd5 exd5
19. Ng3 g6 20. Kh1 h5 21. gxh5 gxh5 22. Qd3 e6 23. b3 Bd6 24. Ne2 Kb8
25. Rf2 Nc8 26. Bg5 Rg8 27. Bh4 e5 28. Bg3 N8e7 29. Rd1 Nf5 30. dxe5
Bc5 31. e6 Qxe6 32. Nf4 Qc8 33. Re2 Ncd4 34. Rg2 Bd6 35. Bf2 Bxf4 36.
Rxg8 Qxg8 37. Bxd4 Nh4 38. Rg1 Qf7 39. Bf2 Bxh2 40. Kxh2 Qf4+ 41. Kh3
1-0
*

[Event "North Urals 2007"]
[Site "0:02.09-0:02.49"]
[Date "2007.07.29"]
[Round "7"]
[White "Pogonina, Natalya"]
[Black "Gallyamova, Alisa"]
[Result "1-0"]
[WhiteTitle "GM"]
[WhiteElo "2429"]
[WhiteCountry "RUS"]
[BlackTitle "GM"]
[BlackElo "2468"]
[BlackCountry "RUS"]
[Remark "North Urals 2007"]
[PresId "1001070016"]

1. e4 c5 2. Nf3 d6 3. d4 cxd4 4. Nxd4 Nf6 5. Nc3 a6 6. Be2 e6 7. O-O
Be7 8. Be3 O-O 9. a4 Nc6 10. f4 Qc7 11. Nb3 b6 12. Qe1 Rb8 13. Qg3 Na5
14. Nd2 Nc6 15. Kh1 Kh8 16. Nb3 Nb4 17. Nd4 Bb7 18. Bf3 g6 19. Qf2 Nd7
20. Qd2 Nc5 21. Ncb5 axb5 22. Nxb5 Qc6 23. Qxb4 Nxe4 24. Bd4+ Kg8 25.
Nc3 f5 26. Rfe1 Qd7 27. Qb5 Bc6 28. Qe2 d5 29. Qe3 Bb4 30. Red1 Qd8
31. Nxe4 fxe4 32. Bg4 Bd7 33. Be2 Bd6 34. g3 Qc7 35. c3 Rb7 36. Ba6
Rbb8 37. Be2 Bc6 38. b4 h6 39. a5 bxa5 40. Rxa5 Rb7 41. Rda1 Kh7 42.
b5 Bd7 43. b6 Qd8 44. Ra7 Rxa7 45. bxa7 Bc6 46. Ra6 Ba8 47. Rxd6 Qxd6
48. Bc5 Qd8 49. Bxf8 Qxf8 50. Qb6 Qc8 51. Qd4 g5 52. fxg5 hxg5 53. Qf6
e3 54. Bd3+ Kg8 55. Qxg5+ Kf8 56. Qf6+ Kg8 57. Kg1 d4 58. Qg5+ Kf8 59.
Qf4+ Kg8 60. Qb8 Qf8 61. cxd4 Kg7 62. Qxf8+ Kxf8 63. Kf1 Bf3 64. Be2
1-0
*

[Event "North Urals 2007"]
[Site "0:02.23-0:00.04"]
[Date "2007.07.30"]
[Round "8"]
[White "Pogonina, Natalya"]
[Black "Hou Yifan"]
[Result "1-0"]
[WhiteTitle "GM"]
[WhiteElo "2429"]
[WhiteCountry "RUS"]
[BlackTitle "GM"]
[BlackElo "2523"]
[BlackCountry "CHN"]
[Remark "North Urals 2007"]
[PresId "1001080014"]

1. e4 e6 2. d4 d5 3. Nd2 c5 4. exd5 Qxd5 5. Ngf3 cxd4 6. Bc4 Qd6 7.
O-O Nf6 8. Nb3 Nc6 9. Nbxd4 Nxd4 10. Nxd4 a6 11. c3 Qc7 12. Bb3 Bd6
13. h3 Bf4 14. Qf3 Bxc1 15. Raxc1 O-O 16. Rcd1 Bd7 17. Rd2 Rad8 18.
Rfd1 h6 19. Qe3 Rfe8 20. Nf3 Bc6 21. Qe5 Qc8 22. Rxd8 Rxd8 23. Rxd8+
Qxd8 24. Nd4 Bd5 25. c4 Be4 26. Kh2 b6 27. a3 Bb7 28. Bd1 Ne8 29. b4
Qc7 30. Qxc7 Nxc7 31. f4 Kf8 32. Kg3 Ke7 33. Bf3 Bxf3 34. Kxf3 Kd6 35.
Ke4 f5+ 36. Kd3 Ne8 37. Nf3 Nf6 38. Kd4 Ne4 39. h4 a5 40. Ne5 axb4 41.
axb4 Ke7 42. c5 bxc5+ 43. bxc5 Nf6 44. Kc4 Nd5 45. g3 Kd8 46. Nc6+ Kd7
47. Nd4 g6 48. Kb5 Nc3+ 49. Ka5 Nd5 50. Ka6 Kc7 51. Nxe6+ Kc6 52. Ka5
Nf6 53. Kb4 Ne4 54. Kc4 Nxg3 55. Nd4+ Kc7 56. Kd5 Ne4 57. Ne6+ Kb7 58.
c6+ Kb6 59. c7 Kb7 60. Kd4 Kc8 61. Kd5 Kd7 62. Ke5 Kc8 63. Kd4 Kd7 64.
Kd5 Nd6 65. Ke5 Ne4 66. Nf8+ Kxc7 67. Nxg6 Ng3 68. Ne7 h5 69. Nxf5 Ne2
70. Ng7 Ng1 71. Ke4 Kd7 72. Nxh5 Ke7 73. Ng3 Kf6 74. Ke3 Nh3 75. Kf3
Kg6 76. Ne2 Kh5 77. Ke4 1-0
*